[Event "Titled Tuesday intern op 04th Feb Late"]
[Site "Chess.com INT"]
[Date "2025.02.04"]
[Round "2"]
[White "Shton, Roman"]
[Black "Meyer, Lars A"]
[Result "1-0"]
[WhiteElo "2048"]
[BlackElo "2231"]
[PlyCount "63"]
[EventDate "2025.02.04"]
[EventType "swiss (blitz)"]
[EventRounds "11"]
[EventCountry "USA"]
[SourceTitle "CB07_2025"]
[SourceDate "2025.02.12"]
[SourceVersion "1"]
[SourceVersionDate "2025.02.12"]
[SourceQuality "1"]

1. d4 Nf6 2. Nf3 g6 3. c4 Bg7 4. Nc3 0-0 5. Bg5 d6 6. e3 c5 7. d5 e6 8. Be2 h6 9. Bh4 exd5 10. cxd5 a6 11. a4 Re8 12. 0-0 Qa5 13. Nd2 Nbd7 14. Nc4 Qc7 15. a5 Ne4 16. Qc2 Nxc3 17. bxc3 Ne5 18. Bg3 Nxc4 19. Bxc4 Bf5 20. Qb3 Rab8 21. Ra2 Kh7 22. Rfa1 b5 23. axb6 Rxb6 24. Qa3 Reb8 25. Re2 Bc8 26. e4 f5 27. Rae1 fxe4 28. Rxe4 Rb1 29. h4 Bf5 30. R4e3 h5 31. Kh2 Bh6 32. Re7+ 1-0

[Event "Titled Tuesday intern op 06th Sep Early"]
[Site "Chess.com INT"]
[Date "2022.09.06"]
[Round "3"]
[White "Ekdyshman, Mikhail"]
[Black "Meyer, Lars A"]
[Result "1-0"]
[WhiteElo "2264"]
[BlackElo "2231"]
[PlyCount "51"]
[EventDate "2022.09.06"]
[EventType "swiss (blitz)"]
[EventRounds "11"]
[EventCountry "USA"]
[SourceTitle "EXT 2023"]
[Source "ChessBase"]
[SourceDate "2022.10.05"]
[SourceVersion "1"]
[SourceVersionDate "2022.10.05"]
[SourceQuality "1"]

1. e4 e6 2. d4 d5 3. Nd2 dxe4 4. Nxe4 Nf6 5. Bd3 Nbd7 6. Qe2 Be7 7. Nf3 b6 8. Neg5 h6 9. Nxe6 fxe6 10. Bg6+ Kf8 11. Qxe6 Bb4+ 12. c3 Qe7 13. Qxe7+ Bxe7 14. Bf4 Bd6 15. Ne5 Bb7 16. 0-0 Nd5 17. Bg3 Bxe5 18. dxe5 Ne7 19. Bc2 g6 20. b4 Nf5 21. Rfd1 Rh7 22. e6 Nf6 23. Be5 Ng4 24. Bf4 h5 25. Bg5 Re8 26. Rd7 1-0

[Event "Titled Tuesday intern op 01st Feb-A"]
[Site "Chess.com INT"]
[Date "2022.02.01"]
[Round "6"]
[White "Demin, Vladimir"]
[Black "Meyer, Lars A"]
[Result "0-1"]
[WhiteElo "2430"]
[BlackElo "2231"]
[PlyCount "62"]
[EventDate "2022.02.01"]
[EventType "swiss (blitz)"]
[EventRounds "11"]
[EventCountry "USA"]
[SourceTitle "CBM 206 Extra"]
[Source "ChessBase"]
[SourceDate "2022.03.31"]
[SourceVersion "1"]
[SourceVersionDate "2022.03.31"]
[SourceQuality "1"]

1. d4 Nf6 2. g4 e6 3. g5 Nd5 4. e4 Nb6 5. a4 d5 6. a5 N6d7 7. Nc3 Bb4 8. e5 a6 9. Nf3 c5 10. dxc5 Nc6 11. Bf4 Bxa5 12. Be2 Nxc5 13. 0-0 b5 14. Nd4 Bd7 15. Ndxb5 axb5 16. Nxb5 0-0 17. c3 Ne4 18. Bd3 Nxg5 19. Qh5 h6 20. b4 Bb6 21. Rxa8 Qxa8 22. Bxg5 Nxe5 23. Bxh6 f6 24. Bxg7 Nxd3 25. Qh8+ Kf7 26. Bxf8 Qxf8 27. Qh5+ Ke7 28. Ra1 Qg7+ 29. Kf1 Bxb5 30. Ke2 Nf4+ 31. Kd2 Nxh5 0-1

[Event "Titled Tuesday intern op 06th July"]
[Site "Chess.com INT"]
[Date "2021.07.06"]
[Round "3"]
[White "Meyer, Lars A"]
[Black "Shetty, Atulya"]
[Result "0-1"]
[WhiteElo "2231"]
[BlackElo "2453"]
[PlyCount "52"]
[EventDate "2021.07.06"]
[EventType "swiss (blitz)"]
[EventRounds "11"]
[EventCountry "USA"]
[SourceTitle "EXT 2022"]
[Source "ChessBase"]
[SourceDate "2021.10.06"]
[SourceVersion "1"]
[SourceVersionDate "2021.10.06"]
[SourceQuality "1"]

1. d4 d5 2. c4 c6 3. Nf3 Nf6 4. Nc3 a6 5. cxd5 cxd5 6. Bf4 Nc6 7. Rc1 Ne4 8. Qb3 Nxc3 9. Qxc3 e5 10. Bd2 Bb4 11. Qc2 e4 12. Bxb4 Nxb4 13. Qa4+ Nc6 14. Ne5 0-0 15. Nxc6 bxc6 16. e3 Bg4 17. h3 Bh5 18. Bxa6 Ra7 19. Rxc6 f5 20. Qb4 Rxa6 21. Rxa6 Qc8 22. Qc5 Qxa6 23. Qxd5+ Kh8 24. g4 Qd3 25. Rf1 Rc8 26. gxh5 Rc1# 0-1

[Event "Titled Tuesday intern op 02nd Mar"]
[Site "Chess.com INT"]
[Date "2021.03.02"]
[Round "4"]
[White "Gurvich, Vitaly"]
[Black "Meyer, Lars A"]
[Result "1-0"]
[WhiteElo "2224"]
[BlackElo "2231"]
[PlyCount "41"]
[EventDate "2021.03.02"]
[EventType "swiss (blitz)"]
[EventRounds "11"]
[EventCountry "USA"]
[SourceTitle "CBM 201 Extra"]
[Source "ChessBase"]
[SourceDate "2021.05.31"]
[SourceVersion "1"]
[SourceVersionDate "2021.05.31"]
[SourceQuality "1"]

1. e4 e6 2. d4 d5 3. Nc3 Nf6 4. Bg5 dxe4 5. Nxe4 Be7 6. Bxf6 gxf6 7. Nf3 b6 8. Qe2 Ba6 9. Qe3 Bxf1 10. Rxf1 f5 11. Nc3 Rg8 12. g3 Nc6 13. d5 Nb4 14. 0-0-0 Bg5 15. Nxg5 Qxg5 16. f4 Qe7 17. dxe6 fxe6 18. a3 Nc6 19. Qf3 Qc5 20. Qh5+ Kf8 21. Rd7 1-0

[Event "Titled Tuesday intern op 02nd Mar"]
[Site "Chess.com INT"]
[Date "2021.03.02"]
[Round "2"]
[White "Meyer, Lars A"]
[Black "Chernobay, Artem"]
[Result "1-0"]
[WhiteElo "2231"]
[BlackElo "2490"]
[PlyCount "65"]
[EventDate "2021.03.02"]
[EventType "swiss (blitz)"]
[EventRounds "11"]
[EventCountry "USA"]
[SourceTitle "CBM 201 Extra"]
[Source "ChessBase"]
[SourceDate "2021.05.31"]
[SourceVersion "1"]
[SourceVersionDate "2021.05.31"]
[SourceQuality "1"]

1. d4 Nf6 2. c4 g6 3. Nc3 Bg7 4. e4 d6 5. Be2 0-0 6. Nf3 e5 7. dxe5 dxe5 8. Qxd8 Rxd8 9. Bg5 Re8 10. 0-0-0 Na6 11. Nxe5 Rxe5 12. Rd8+ Ne8 13. f4 Re6 14. Bg4 Kf8 15. Bxe6 fxe6 16. e5 b6 17. Rhd1 Bb7 18. Rxa8 Bxa8 19. g3 h6 20. Bh4 Nc5 21. Rd8 Bf3 22. Nb5 Kf7 23. b4 Na6 24. a3 g5 25. fxg5 hxg5 26. Bxg5 Bxe5 27. Nxa7 Nd6 28. Rd7+ Kg6 29. Bf4 Nxc4 30. b5 Nc5 31. Rxc7 Bxc7 32. Bxc7 Nd7 33. a4 1-0

[Event "Titled Tuesday intern op 02nd Mar"]
[Site "Chess.com INT"]
[Date "2021.03.02"]
[Round "3"]
[White "Pap, Gyula"]
[Black "Meyer, Lars A"]
[Result "1-0"]
[WhiteElo "2535"]
[BlackElo "2231"]
[PlyCount "47"]
[EventDate "2021.03.02"]
[EventType "swiss (blitz)"]
[EventRounds "11"]
[EventCountry "USA"]
[SourceTitle "CBM 201 Extra"]
[Source "ChessBase"]
[SourceDate "2021.05.31"]
[SourceVersion "1"]
[SourceVersionDate "2021.05.31"]
[SourceQuality "1"]

1. d4 e6 2. e4 d5 3. exd5 exd5 4. Nf3 Bd6 5. Bd3 Ne7 6. 0-0 h6 7. c4 dxc4 8. Bxc4 0-0 9. Nc3 Nbc6 10. h3 Bf5 11. Re1 a6 12. a3 Ng6 13. Ne4 Bxe4 14. Rxe4 Re8 15. Qd3 Qd7 16. Rxe8+ Rxe8 17. Qxg6 Nxd4 18. Bxh6 Nxf3+ 19. gxf3 Bf8 20. Be3 Re5 21. Kg2 Rf5 22. Rd1 Qc8 23. Rd8 Qxd8 24. Qxf5 1-0

[Event "Titled Tuesday intern op 23rd Feb"]
[Site "Chess.com INT"]
[Date "2021.02.23"]
[Round "6"]
[White "Meyer, Lars A"]
[Black "Erden, Kadir"]
[Result "0-1"]
[WhiteElo "2231"]
[BlackElo "2271"]
[PlyCount "32"]
[EventDate "2021.02.23"]
[EventType "swiss (blitz)"]
[EventRounds "11"]
[EventCountry "USA"]
[SourceTitle "CBM 200 Extra"]
[Source "ChessBase"]
[SourceDate "2021.03.31"]
[SourceVersion "1"]
[SourceVersionDate "2021.03.31"]
[SourceQuality "1"]

1. d4 d5 2. c4 c6 3. Nf3 Nf6 4. Nc3 dxc4 5. e4 b5 6. e5 Nd5 7. Ng5 e6 8. Qh5 g6 9. Qf3 Qd7 10. Nge4 Be7 11. Bh6 Bb7 12. h4 Na6 13. h5 Nab4 14. 0-0-0 0-0-0 15. Qxf7 Nxc3 16. Nxc3 Bg5+ 0-1

[Event "Titled Tuesday intern op 19th Jan"]
[Site "Chess.com INT"]
[Date "2021.01.19"]
[Round "7"]
[White "Kim, Sergey2"]
[Black "Meyer, Lars A"]
[Result "1-0"]
[WhiteElo "2295"]
[BlackElo "2231"]
[PlyCount "77"]
[EventDate "2021.01.19"]
[EventType "swiss (blitz)"]
[EventRounds "11"]
[EventCountry "USA"]
[SourceTitle "CBM 200 Extra"]
[Source "ChessBase"]
[SourceDate "2021.03.31"]
[SourceVersion "1"]
[SourceVersionDate "2021.03.31"]
[SourceQuality "1"]

1. d4 e6 2. c4 Nf6 3. Nc3 d5 4. Nf3 Nbd7 5. Bf4 a6 6. e3 dxc4 7. Bxc4 b5 8. Bb3 Bb7 9. 0-0 c5 10. Qe2 Qb6 11. Rfd1 Rc8 12. a4 c4 13. Bc2 b4 14. a5 Qd8 15. Na4 Qxa5 16. Nc5 Qb6 17. Ba4 Bxc5 18. dxc5 Qxc5 19. Ne5 Rd8 20. Nxc4 0-0 21. Bd6 Qc8 22. Bxf8 Nxf8 23. Nd6 Qa8 24. Nxb7 Rxd1+ 25. Qxd1 Qxb7 26. Qd8 h6 27. Rc1 Qe4 28. Bc2 Qe5 29. Rb1 g6 30. h3 Kg7 31. Qd4 Qxd4 32. exd4 N8d7 33. Bd3 a5 34. Ra1 Nb8 35. Rxa5 Nc6 36. Rb5 Nd5 37. Be4 Nxd4 38. Rb7 Nf6 39. Bd3 1-0

[Event "Titled Tuesday intern op 19th Jan"]
[Site "Chess.com INT"]
[Date "2021.01.19"]
[Round "4"]
[White "Meyer, Lars A"]
[Black "Gasimov, Parviz"]
[Result "0-1"]
[WhiteElo "2231"]
[BlackElo "2337"]
[PlyCount "34"]
[EventDate "2021.01.19"]
[EventType "swiss (blitz)"]
[EventRounds "11"]
[EventCountry "USA"]
[SourceTitle "CBM 200 Extra"]
[Source "ChessBase"]
[SourceDate "2021.03.31"]
[SourceVersion "1"]
[SourceVersionDate "2021.03.31"]
[SourceQuality "1"]

1. d4 Nf6 2. c4 g6 3. Nc3 d5 4. Nf3 Bg7 5. e3 0-0 6. Bd2 c5 7. dxc5 Na6 8. cxd5 Nxc5 9. Bc4 Bf5 10. 0-0 Rc8 11. Nd4 Bd3 12. Bxd3 Nxd3 13. Qb3 Nc5 14. Qa3 Nxd5 15. Qxa7 e5 16. Nf3 Nb4 17. Rfd1 Nbd3 0-1

[Event "Titled Tuesday intern op 19th Jan"]
[Site "Chess.com INT"]
[Date "2021.01.19"]
[Round "6"]
[White "Meyer, Lars A"]
[Black "Pesotskiy, Mikhail"]
[Result "1-0"]
[WhiteElo "2231"]
[BlackElo "2211"]
[PlyCount "57"]
[EventDate "2021.01.19"]
[EventType "swiss (blitz)"]
[EventRounds "11"]
[EventCountry "USA"]
[SourceTitle "CBM 200 Extra"]
[Source "ChessBase"]
[SourceDate "2021.03.31"]
[SourceVersion "1"]
[SourceVersionDate "2021.03.31"]
[SourceQuality "1"]

1. d4 Nf6 2. c4 e6 3. Nf3 Bb4+ 4. Bd2 a5 5. g3 b6 6. Bg2 Bb7 7. 0-0 0-0 8. Nc3 d6 9. Qc2 Nbd7 10. Rfd1 Qe7 11. a3 Bxc3 12. Bxc3 a4 13. d5 exd5 14. Nh4 c6 15. Nf5 Qe6 16. cxd5 cxd5 17. Nd4 Qe7 18. Nf5 Qe6 19. Nd4 Qg4 20. Nb5 Ne4 21. f3 Qg6 22. fxe4 dxe4 23. Rxd6 Qf5 24. Nd4 Qg4 25. h3 Qxg3 26. Rxd7 Rad8 27. Rxb7 Rd6 28. Qxe4 Rg6 29. Nf5 1-0

[Event "Titled Tuesday intern op 19th Jan"]
[Site "Chess.com INT"]
[Date "2021.01.19"]
[Round "10"]
[White "Tokman, Ariel"]
[Black "Meyer, Lars A"]
[Result "1-0"]
[WhiteElo "2316"]
[BlackElo "2231"]
[PlyCount "77"]
[EventDate "2021.01.19"]
[EventType "swiss (blitz)"]
[EventRounds "11"]
[EventCountry "USA"]
[SourceTitle "CBM 200 Extra"]
[Source "ChessBase"]
[SourceDate "2021.03.31"]
[SourceVersion "1"]
[SourceVersionDate "2021.03.31"]
[SourceQuality "1"]

1. Nf3 Nf6 2. c4 c6 3. b3 d5 4. Bb2 Qb6 5. e3 Bg4 6. Qc2 Nbd7 7. Be2 e6 8. 0-0 Be7 9. d3 0-0 10. Nbd2 Rac8 11. a3 Rfd8 12. Rab1 Ne8 13. h3 Bf5 14. Rfc1 Bf6 15. Bxf6 Nexf6 16. Nh4 Bg6 17. Nxg6 hxg6 18. b4 a6 19. a4 Qc7 20. Qb3 dxc4 21. Nxc4 Ne5 22. Nxe5 Qxe5 23. d4 Qg5 24. Bf3 e5 25. dxe5 Qxe5 26. b5 axb5 27. axb5 cxb5 28. Rxc8 Rxc8 29. Bxb7 Rc7 30. Bf3 Rc5 31. Rd1 Ne4 32. Bxe4 Qxe4 33. Rd8+ Kh7 34. Qxf7 Rc1+ 35. Kh2 Qc4 36. Qxc4 Rxc4 37. Rb8 Rb4 38. Kg3 g5 39. Rb6 1-0

[Event "Las Palmas Insular-chT Segunda 1718"]
[Site "Las Palmas"]
[Date "2017.12.16"]
[Round "4.1"]
[White "Acosta Quintana, Maximino"]
[Black "Meyer, Lars A"]
[Result "0-1"]
[WhiteElo "1640"]
[BlackElo "2277"]
[PlyCount "86"]
[EventDate "2017.10.28"]
[EventType "team-swiss"]
[EventRounds "9"]
[EventCountry "ESP"]
[SourceTitle "EXT 2019"]
[Source "ChessBase"]
[SourceDate "2018.10.10"]
[SourceVersion "1"]
[SourceVersionDate "2018.10.10"]
[SourceQuality "1"]
[WhiteTeam "Villa de Teror III"]
[BlackTeam "Maspalomas"]
[WhiteTeamCountry "ESP"]
[BlackTeamCountry "ESP"]

1. e4 e6 2. d4 d5 3. e5 c5 4. c3 Qb6 5. Nf3 Bd7 6. Be2 Bb5 7. Bxb5+ Qxb5 8. a4 Qd7 9. 0-0 Nc6 10. Na3 cxd4 11. cxd4 Rc8 12. Nb5 a6 13. Nc3 Bb4 14. Bd2 Nge7 15. Rc1 0-0 16. Be3 Nf5 17. h3 Na5 18. Na2 Be7 19. Nc3 Nc4 20. Qe1 Nxb2 21. Rb1 Nc4 22. Bd2 Rc7 23. g4 Nh4 24. Nh2 Rfc8 25. Ne2 Qxa4 26. Ng3 Nxd2 27. Qxd2 Rc2 28. Qd1 b5 29. Nh5 R2c4 30. Ra1 Rxd4 31. Qb1 Rb4 32. Qd3 Rb3 33. Qd1 Ra3 34. Qxa4 Rxa4 35. Rxa4 bxa4 36. Ra1 a3 37. Nf1 Nf3+ 38. Kg2 Nxe5 39. f4 Rc2+ 40. Kg3 Nc4 41. f5 a2 42. fxe6 fxe6 43. Nf4 Bd6 0-1

[Event "Las Palmas Insular-chT Pref 1617"]
[Site "Las Palmas"]
[Date "2017.02.18"]
[Round "11.1"]
[White "Meyer, Lars A"]
[Black "Barlov, Dragan"]
[Result "1-0"]
[WhiteElo "2264"]
[BlackElo "2434"]
[PlyCount "123"]
[EventDate "2016.10.22"]
[EventType "team-tourn"]
[EventRounds "14"]
[EventCountry "ESP"]
[SourceTitle "EXT 2018"]
[Source "ChessBase"]
[SourceDate "2017.10.13"]
[SourceVersion "1"]
[SourceVersionDate "2017.10.13"]
[SourceQuality "1"]
[WhiteTeam "Tres W"]
[BlackTeam "Villa de Teror"]
[WhiteTeamCountry "ESP"]
[BlackTeamCountry "ESP"]

1. d4 Nf6 2. c4 e6 3. Nf3 Bb4+ 4. Bd2 Qe7 5. g3 Nc6 6. Bg2 Bxd2+ 7. Nbxd2 d6 8. Nf1 0-0 9. Ne3 e5 10. Nd5 Qd8 11. h3 Bf5 12. 0-0 Re8 13. e3 a5 14. a3 a4 15. Re1 Bd7 16. Rc1 exd4 17. Nxd4 Na5 18. Nxf6+ Qxf6 19. c5 dxc5 20. Rxc5 Qb6 21. Rd5 Re7 22. Ne2 Bc6 23. Rd4 Bxg2 24. Kxg2 Qc6+ 25. Kg1 Nb3 26. Rd3 Nc5 27. Rd4 Ne6 28. Rd5 Qb6 29. Qc2 c6 30. Re5 Qc7 31. Qf5 Rae8 32. Rd1 Rd8 33. Rxd8+ Qxd8 34. Nd4 Nxd4 35. exd4 f6 36. Rxe7 Qxe7 37. Qa5 Kf7 38. Qxa4 Qe1+ 39. Kg2 Qe4+ 40. Kh2 b5 41. Qb3+ Kg6 42. Qe3 Qc2 43. b4 Kf7 44. g4 g5 45. Kg3 Qb1 46. Kf3 Qd1+ 47. Kg2 Qc2 48. Qf3 Ke6 49. Kg3 h6 50. h4 Kf7 51. d5 gxh4+ 52. Kxh4 cxd5 53. Qxd5+ Kg7 54. Qd7+ Kg8 55. Qe8+ Kg7 56. Kh5 Qxf2 57. Qe7+ Kg8 58. Kg6 Qc2+ 59. Kxf6 Qc3+ 60. Kg6 Qc6+ 61. Qf6 Qe4+ 62. Kxh6 1-0

[Event "Las Palmas Insular-chT Pref 1617"]
[Site "Las Palmas"]
[Date "2017.02.04"]
[Round "10.1"]
[White "Ramos Santana, Marcelino"]
[Black "Meyer, Lars A"]
[Result "0-1"]
[WhiteElo "2007"]
[BlackElo "2264"]
[PlyCount "108"]
[EventDate "2016.10.22"]
[EventType "team-tourn"]
[EventRounds "14"]
[EventCountry "ESP"]
[SourceTitle "EXT 2018"]
[Source "ChessBase"]
[SourceDate "2017.10.13"]
[SourceVersion "1"]
[SourceVersionDate "2017.10.13"]
[SourceQuality "1"]
[WhiteTeam "Anand"]
[BlackTeam "Tres W"]
[WhiteTeamCountry "ESP"]
[BlackTeamCountry "ESP"]

1. e4 d5 2. exd5 Nf6 3. d4 Bg4 4. Bb5+ Nbd7 5. Be2 Bxe2 6. Nxe2 Nxd5 7. 0-0 g6 8. c4 N5f6 9. Nbc3 c6 10. Re1 Bg7 11. Ng3 0-0 12. Be3 Re8 13. h3 Qa5 14. f4 Nb6 15. Qd3 Rad8 16. f5 e5 17. fxe6 Rxe6 18. b3 Rde8 19. Bd2 Nbd7 20. Rxe6 Rxe6 21. Re1 Rxe1+ 22. Bxe1 Bf8 23. Bd2 Bb4 24. a4 Qd8 25. Nge4 Be7 26. Bg5 Qb6 27. Nxf6+ Bxf6 28. Bxf6 Nxf6 29. Ne2 Qd8 30. Qc3 Qe7 31. Ng3 h5 32. Qf3 Kg7 33. Qe2 Qb4 34. Qe3 Qd6 35. Kf2 h4 36. Ne2 Nh5 37. Ke1 Kf8 38. Kd2 Qb4+ 39. Kc2 Qe1 40. Qe5 Qf2 41. Qh8+ Ke7 42. Qe5+ Kd7 43. Kd3 Qxg2 44. Qb8 Qf3+ 45. Kd2 Qxb3 46. Qxa7 Ng3 47. Nxg3 hxg3 48. Qb8 Qb2+ 49. Kd3 g2 50. c5 Qb3+ 51. Kd2 Qd5 52. Qxb7+ Ke6 53. Qc8+ Kf6 54. Qg4 Qg5+ 0-1

[Event "Las Palmas Insular-chT Pref 1617"]
[Site "Las Palmas"]
[Date "2017.01.21"]
[Round "9.1"]
[White "Meyer, Lars A"]
[Black "Alvarado Diaz, Alejandro"]
[Result "1/2-1/2"]
[WhiteElo "2264"]
[BlackElo "2416"]
[PlyCount "99"]
[EventDate "2016.10.22"]
[EventType "team-tourn"]
[EventRounds "14"]
[EventCountry "ESP"]
[SourceTitle "EXT 2018"]
[Source "ChessBase"]
[SourceDate "2017.10.13"]
[SourceVersion "1"]
[SourceVersionDate "2017.10.13"]
[SourceQuality "1"]
[WhiteTeam "Tres W"]
[BlackTeam "Hotel Avda de Canarias"]
[WhiteTeamCountry "ESP"]
[BlackTeamCountry "ESP"]

1. d4 f5 2. e4 fxe4 3. Nc3 Nf6 4. Bg5 g6 5. f3 d5 6. fxe4 Nxe4 7. Nxe4 dxe4 8. c3 Qd5 9. Bf4 Nc6 10. Ne2 Bg4 11. Qb3 Qxb3 12. axb3 e5 13. dxe5 Bg7 14. Ng3 Bxe5 15. Bxe5 Nxe5 16. Ra4 0-0-0 17. Be2 Rhe8 18. Bxg4+ Nxg4 19. Ke2 a6 20. h3 Nf6 21. Rf1 Re6 22. Rf4 Rde8 23. Rd4 b6 24. b4 Kb7 25. Nf1 Nh5 26. Rf7 Rf6 27. Rxf6 Nxf6 28. g4 Re5 29. Ne3 h5 30. Kf2 hxg4 31. hxg4 a5 32. Kg3 axb4 33. Rxb4 g5 34. Rd4 Kc8 35. Rd1 b5 36. Kf2 Re8 37. Ke2 Rh8 38. Rf1 Rh2+ 39. Kd1 Nd7 40. Rf5 Rxb2 41. Rxg5 b4 42. cxb4 Rxb4 43. Nd5 Rb3 44. Ne7+ Kb7 45. Ke2 Nf6 46. Rg6 Nd7 47. Re6 Rg3 48. Rxe4 Nf6 49. Rb4+ Ka6 50. Kf2 1/2-1/2

[Event "Las Palmas Insular-chT Pref 1617"]
[Site "Las Palmas"]
[Date "2016.11.12"]
[Round "4.1"]
[White "Barlov, Dragan"]
[Black "Meyer, Lars A"]
[Result "1-0"]
[WhiteElo "2434"]
[BlackElo "2264"]
[PlyCount "69"]
[EventDate "2016.10.22"]
[EventType "team-tourn"]
[EventRounds "14"]
[EventCountry "ESP"]
[SourceTitle "EXT 2018"]
[Source "ChessBase"]
[SourceDate "2017.10.13"]
[SourceVersion "1"]
[SourceVersionDate "2017.10.13"]
[SourceQuality "1"]
[WhiteTeam "Villa de Teror"]
[BlackTeam "Tres W"]
[WhiteTeamCountry "ESP"]
[BlackTeamCountry "ESP"]

1. d4 Nf6 2. c4 g6 3. Nf3 Bg7 4. g3 d6 5. Bg2 0-0 6. 0-0 c6 7. Nc3 Bf5 8. Ne1 e5 9. d5 Qc8 10. e4 Bd7 11. Nd3 Bh3 12. f3 Bxg2 13. Kxg2 b5 14. cxb5 cxd5 15. exd5 Qc4 16. Nf2 Nbd7 17. Bg5 h6 18. Bxf6 Bxf6 19. a4 Rfc8 20. h4 Kg7 21. Qd2 h5 22. Nce4 Qc7 23. Rfc1 Qd8 24. Rc6 Be7 25. Rac1 Nc5 26. Nxc5 dxc5 27. Ne4 a6 28. d6 Bf8 29. R1xc5 axb5 30. axb5 Rcb8 31. Qd5 Qe8 32. Rc7 Rd8 33. Ng5 Rxd6 34. Rxf7+ Kg8 35. Rxf8+ 1-0

[Event "Las Palmas Montalvo Memorial 8th"]
[Site "Las Palmas"]
[Date "2015.03.30"]
[Round "1"]
[White "Sanchez Ramirez, Gustavo"]
[Black "Meyer, Lars A"]
[Result "1/2-1/2"]
[WhiteElo "1655"]
[BlackElo "2279"]
[PlyCount "83"]
[EventDate "2015.03.30"]
[EventType "swiss"]
[EventRounds "9"]
[EventCountry "ESP"]
[SourceTitle "EXT 2016"]
[Source "ChessBase"]
[SourceDate "2015.10.08"]
[SourceVersion "1"]
[SourceVersionDate "2015.10.08"]
[SourceQuality "1"]

1. e4 d5 2. exd5 Nf6 3. c4 c6 4. Nc3 cxd5 5. cxd5 g6 6. Bc4 Bg7 7. d3 0-0 8. Nf3 Bg4 9. h3 Bxf3 10. Qxf3 Nbd7 11. 0-0 a6 12. a4 Rc8 13. b3 Ne8 14. Bd2 b5 15. axb5 Bxc3 16. Bxc3 axb5 17. Ba5 Nc7 18. Bxb5 Ne5 19. Qe4 Qxd5 20. Bxc7 Qxe4 21. dxe4 Rxc7 22. Rfc1 Rfc8 23. Rxc7 Rxc7 24. f4 Rc5 25. Be2 Nc6 26. Ra8+ Kg7 27. Rc8 Rc2 28. Bb5 Nd4 29. Rxc2 Nxc2 30. Kf2 f6 31. Bc4 e5 32. fxe5 fxe5 33. Ke2 Kf6 34. Kd3 Ne1+ 35. Kc3 Nxg2 36. b4 Ke7 37. b5 Kd6 38. Kb4 g5 39. Ka5 Kc7 40. b6+ Kb8 41. Kb5 Nf4 42. Bf1 1/2-1/2

[Event "Las Palmas Insular-chT Pref"]
[Site "Las Palmas"]
[Date "2015.03.07"]
[Round "9.1"]
[White "Meyer, Lars A"]
[Black "Camino Carrio, Nicanor"]
[Result "0-1"]
[WhiteElo "2279"]
[BlackElo "2048"]
[PlyCount "54"]
[EventDate "2014.11.22"]
[EventType "team-tourn"]
[EventRounds "14"]
[EventCountry "ESP"]
[SourceTitle "EXT 2016"]
[Source "ChessBase"]
[SourceDate "2015.10.08"]
[SourceVersion "1"]
[SourceVersionDate "2015.10.08"]
[SourceQuality "1"]
[WhiteTeam "Maspalomas"]
[BlackTeam "San Andres Oleaje"]
[WhiteTeamCountry "ESP"]
[BlackTeamCountry "ESP"]

1. d4 Nf6 2. c4 g6 3. Nc3 Bg7 4. e4 d6 5. Be2 0-0 6. Bg5 Na6 7. Qd2 e5 8. d5 Nc5 9. b4 Ncxe4 10. Nxe4 Nxe4 11. Bxd8 Nxd2 12. Bxc7 Ne4 13. f3 Nc3 14. Bxd6 Re8 15. Rc1 e4 16. f4 Bd7 17. a3 Rac8 18. Bc5 b6 19. Be3 Ba4 20. d6 Red8 21. c5 Nd5 22. Kf2 Nxe3 23. Kxe3 Rxd6 24. Ba6 Rc7 25. Rc4 bxc5 26. b5 Bd4+ 27. Ke2 Rxa6 0-1

[Event "Las Palmas Insular-chT Pref"]
[Site "Las Palmas"]
[Date "2015.02.28"]
[Round "8.1"]
[White "Meyer, Lars A"]
[Black "Barlov, Dragan"]
[Result "0-1"]
[WhiteElo "2279"]
[BlackElo "2433"]
[PlyCount "54"]
[EventDate "2014.11.22"]
[EventType "team-tourn"]
[EventRounds "14"]
[EventCountry "ESP"]
[SourceTitle "EXT 2016"]
[Source "ChessBase"]
[SourceDate "2015.10.08"]
[SourceVersion "1"]
[SourceVersionDate "2015.10.08"]
[SourceQuality "1"]
[WhiteTeam "Maspalomas"]
[BlackTeam "Villa de Teror Goya"]
[WhiteTeamCountry "ESP"]
[BlackTeamCountry "ESP"]

1. d4 d6 2. c4 Nf6 3. Nc3 g6 4. e4 Bg7 5. Be2 0-0 6. Nf3 Bg4 7. Be3 Nc6 8. d5 Bxf3 9. Bxf3 Ne5 10. Be2 c6 11. 0-0 Qc7 12. Rc1 Rfc8 13. h3 Qa5 14. a3 cxd5 15. Nxd5 Nxd5 16. exd5 Nd7 17. Bd4 Bxd4 18. Qxd4 Qb6 19. Qc3 Nf6 20. Bf3 a5 21. Rfe1 Rc7 22. b3 Rac8 23. a4 Qb4 24. Qxb4 axb4 25. Ra1 Kf8 26. a5 Nd7 27. Ra4 Nc5 0-1

[Event "Las Palmas Insular-chT Pref"]
[Site "Las Palmas"]
[Date "2015.01.24"]
[Round "5.1"]
[White "Meyer, Lars A"]
[Black "Trujillo Alvarado, Ivan"]
[Result "1/2-1/2"]
[WhiteElo "2279"]
[BlackElo "2196"]
[PlyCount "63"]
[EventDate "2014.11.22"]
[EventType "team-tourn"]
[EventRounds "14"]
[EventCountry "ESP"]
[SourceTitle "EXT 2016"]
[Source "ChessBase"]
[SourceDate "2015.10.08"]
[SourceVersion "1"]
[SourceVersionDate "2015.10.08"]
[SourceQuality "1"]
[WhiteTeam "Maspalomas"]
[BlackTeam "Tres W"]
[WhiteTeamCountry "ESP"]
[BlackTeamCountry "ESP"]

1. d4 Nf6 2. c4 g6 3. Nc3 Bg7 4. e4 d6 5. Be2 0-0 6. Bg5 Nbd7 7. Qd2 e5 8. d5 a5 9. f3 Nc5 10. h4 Qd7 11. g4 Ne8 12. h5 f6 13. Be3 Rf7 14. hxg6 hxg6 15. Bd1 Bf8 16. Bxc5 dxc5 17. Ba4 Qd8 18. Qh2 Rg7 19. Bxe8 Qxe8 20. Nb5 Bd6 21. Qh8+ Kf7 22. Qxe8+ Kxe8 23. Rh8+ Kf7 24. Ne2 Rg8 25. Rxg8 Kxg8 26. Nec3 Bd7 27. Kf2 Kg7 28. Rh1 Rf8 29. Ke3 Rc8 30. Na7 Ra8 31. Nab5 Rc8 32. Na7 1/2-1/2